00992 2200313 4500001002100000005001500021035002000036007000300056008004100059020002200100082001200122084001800134100002200152245016000174250003200334260003000366300003700396500001100433500005500444650003600499700002100535700002400556700002400580700002600604990001200630990001200642990001200654990001200666INLIS00000000000537620200907120413 a0010-0220000094ta200907 e 0 ind  a978-979-29-4073-2 a610.736 a610.736 JOY k0 aJOYCE, Y. JOHNSON1 aKeperawatan Maternitas /cJoyce Y. Johnson; penerjemah, Diana Kurnia S.; editor, Th. Arie Prabawati, Dewibertha Hardjono; editor ahli, Wenny Artanty Nisman aed. Bahasa Indonesia, cet.1 aYogyakarta :bAndi,c2014 axxv, 405 hlm. :bilus. ;c23 cm. aIndeks aJudul asli : Maternal: Newborn Nursing Demystified 4aPERAWAT DAN PERAWATAN KEBIDANAN0 aDIANA, KURNIA S.0 aTH. ARIE, PRABAWATI0 aDEWIBERTA, HARDJONO0 aWENNY, ARTANTY NISMAN a17108 A a17108 B a17108 C a17108 D